000 00368nam a22001217a 4500
003 SGT
020 _a9788178571300
082 _a891.4309
_bB08S
100 _aशुक्ल, भानुप्रताप
245 _aभानुप्रताप शुक्ल समग्र
260 _bसाहित्य प्रकाशन
_c2008
942 _2ddc
_cBK
999 _c31219
_d31219